000 00396nam a22001697a 4500
005 20260416093442.0
008 260416b |||||||| |||| 00| 0 eng d
020 _a978-1-305-97149-3
082 _a338.5
_bMAG
100 _aMankiw, Gregory
245 _aPrinciples of Microeconomics
250 _a8th E
260 _aUSA
_c2016
300 _a491
650 _aManagment Science
942 _cBK
999 _c47322
_d47322